Onze de rêve selon Chat Gpt - Statistiques

Statistiques générales
  • Ce quiz a été pris 264 fois
  • Le résultat moyen est 10 sur 12
Statistiques - réponses
Poste Nationalité Réponse % Correct
AG Portugal Cristiano Ronaldo
100%
AD Argentine Lionel Messi
100%
MC France Zinedine Zidane
96%
MOC Argentine Diego Maradona
91%
BU Brésil Pelé
86%
DG Brésil Roberto Carlos
86%
DC Italie Paolo Maldini
82%
MOC Pays-Bas Johan Cruyff
79%
Coach Espagne Pep Guardiola
75%
DD Brésil Cafu
72%
G Russie Lev Yachine
72%
DC Allemagne Franz Beckenbauer
70%
Aucun quiz correspondant
Distribution des résultats
% des personnes avec chaque résultat
Percentile par nombre de réponses
Votre historique - résultats
Vous n’avez pas pris ce quiz